书目信息

书名: AutoCAD 2016机械设计从入门到精通 
作者: 杨红亮 王珂 编著
出版信息: 北京   电子工业出版社  2016.05
开本页数: 26cm  11,554页
丛书名: 技能应用速成系列
单 册:
中图分类: TH122
科图分类:
主题词: 机械设计--AutoCAD软件
电子资源:
ISBN: 978-7-121-28495-3
000 01101oam2 22003011 450
001 0105111613
005 20180105111613.0
010    @a978-7-121-28495-3@dCNY79.00 (含光盘)
010    @a978-7-89394-213-6@b光盘
100    @a20160517d2016 em y0chiy0121 ea
101 @achi
102    @aCN@b110000
105    @aak z 000yy
106    @ar
200 @aAutoCAD 2016机械设计从入门到精通@AAutoCAD 2016 ji xie she ji cong ru men dao jing tong@f杨红亮,王珂编著
205    @a2版
210    @a北京@c电子工业出版社@d2016.05
215    @a11,554页@c图@d26cm@e1光盘
225 @a技能应用速成系列
330    @a全书共19章,详细介绍机械设计基础知识、绘图环境的设置、机械平面元素的绘制与编辑、复合图形结构的创建、零件图中的文字与表格、零件图中的尺寸与公差、图形资源的管理与共享、三维辅助设计等内容。
333    @a机械设计学习者及工作者
410  0 @12001@a技能应用速成系列
606 @a机械设计@xAutoCAD软件
690    @aTH122@v5
701  0 @a杨红亮@Ayang hong liang@4编著
701  0 @a王珂@Awang ke@4编著
801  0 @aCN@b人天书店@c20160517
905    @aCKNYKJZYXY@b300574606-8@dTH122@e237@f3
    
    AutoCAD 2016机械设计从入门到精通/杨红亮,王珂编著.-2版.-北京:电子工业出版社,2016.05
    11,554页:图;26cm+1光盘.-(技能应用速成系列)
    使用对象:机械设计学习者及工作者
    
    ISBN 978-7-121-28495-3:CNY79.00 (含光盘)
    全书共19章,详细介绍机械设计基础知识、绘图环境的设置、机械平面元素的绘制与编辑、复合图形结构的创建、零件图中的文字与表格、零件图中的尺寸与公差、图形资源的管理与共享、三维辅助设计等内容。
相关链接 在五车中查询图书 在当当中查询图书 在豆瓣中查询图书


正题名:AutoCAD 2016机械设计从入门到精通     索取号:TH122/237         预约/预借

序号 登录号 条形码 馆藏地/架位号 状态 备注
1 536292   300536292   柳城-4楼/56架9列1层/ [索取号:TH122/237] 在馆    
2 536293   300536293   柳城-4楼/56架9列1层/ [索取号:TH122/237] 在馆    
3 536294   300536294   柳城-4楼/56架9列1层/ [索取号:TH122/237] 在馆    
4 574606   300574606   海科密-1楼/43架14列5层/ [索取号:TH122/237] 在馆    
5 574607   300574607   海科密-1楼/53架2列3层/ [索取号:TH122/237] 在馆    
6 574608   300574608   海科密-1楼/43架14列5层/ [索取号:TH122/237] 在馆